| 000 | 00407nam a22001697a 4500 | ||
|---|---|---|---|
| 003 | MPLRDC | ||
| 005 | 20220104163043.0 | ||
| 008 | 210129b ||||| |||| 00| 0 eng d | ||
| 082 | _a490.7 VEE | ||
| 100 | _aG. VEE | ||
| 245 |
_aWHERE THE MONEY IS IN INDIA AND HOW TO GET IT _c |
||
| 250 | _a第一版 | ||
| 260 |
_a _bIBH PUBLISHING CO. _c1980 |
||
| 300 | _b精 | ||
| 650 | _a | ||
| 942 |
_cBK _o490.7 VEE |
||
| 999 |
_c56274 _d56264 |
||